000 00421nam a2200169Ia 4500
005 20240531010419.0
008 240331s9999 xx 000 0 und d
020 _a
082 _bAME
_a340
100 _aAmeen,A.H.G
245 4 _aThe quazi court procedure and practice
_cA.H.G. Ameen
260 _aColombo
_bAl-Ameen Law Centre
300 _avi, 122 p .,
650 _aRole of a Quazi
650 _aLaws
942 _cL
999 _c3728
_d3728